000 00603nam a2200181 a 4500
001 1777709375460
003 YourLibrary
005 20260502134132.0
008 260502s1987##################000#0#eng##
020 _a9789065443342
082 0 4 _a343.067
_bKLU
100 1 _aStaff, International Fiscal Association,
_eauthor.
245 1 0 _aTaxation of Domestic Shareholders on Undistributed Income of Foreign corporate Affiliates:Objectives, Techniques and Consequenses :
260 _bSpringer,
_c1987.
650 0 _aBusiness & Economics.
942 _cENGLISH
040 _aYourLibrary
_beng
_cYourLibrary
999 _c622072
_d622072